Statistiken für Berühmte Deutsche - Bild Quiz #2

Klicken Sie hier um das Quiz zu spielen!

Allgemein

  • Dieses Quiz wurde 424 mal gespielt
    (364 seit der letzten Aktualisierung)
  • Das Durchschnittsergebnis liegt bei 8 aus 15

Antwortstatistiken

Antwort% Korrekt
Angela Merkel
99%
Karl Lagerfeld
91%
Udo Lindenberg
91%
Nena
89%
Heino
85%
Michael Schumacher
82%
Franz Beckenbauer
75%
Claudia Schiffer
66%
Katarina Witt
43%
Jens Weißflog
26%
Sandra
19%
Nastassja Kinski
14%
Doris Dörrie
8%
Werner Herzog
8%
Anke Huber
7%

Verteilung der Resultate

Perzentil nach korrekt beantworteten Fragen

Anzahl Personen mit jedem Resultat

Ihre Resultats-Entwicklung

Sie haben dieses Quiz seit der letzten Aktualisierung nicht gespielt